| 000 | 00934nam a2200193Ia 4500 | ||
|---|---|---|---|
| 001 | 17320 | ||
| 003 | GE_BSU | ||
| 008 | 181216s||||||||xx |||||||||||||| ||und|| | ||
| 040 | _cGE_BSU | ||
| 245 | _aთხზულებანი:ტომი 2 | ||
| 245 | _cდ.მ.გამეზარდაშვილის რედ. და შენიშვნებით;სარედ .კოლ.:ვ.ბახტაძე და სხვ.;ტომი დასაბეჭდად მოამზადა და სახელთა საძიებელი დაურთო ი. ბოცვაძემ.-თსუ,ჟურნალისტიკის კათედრა | ||
| 260 | _aთბილისი | ||
| 260 | _bთბილ.უნ-ტის გამ-ბა | ||
| 260 | _c1960 | ||
| 300 | _a662გვ.;23სმ | ||
| 300 | _e1ფ.პორტრ. | ||
| 653 | _aთხზულებანი | ||
| 942 | _cBK | ||
| 999 |
_c50379 _d50379 |
||